| 000 | 03644cam a22012134i 4500 | ||
|---|---|---|---|
| 003 | PE-LiUPU | ||
| 005 | 20251223175829.0 | ||
| 008 | 150706s r 000 0 d | ||
| 020 | _a9786124041334 | ||
| 035 | _a(Sirsi) i9786124041334 | ||
| 040 |
_aPE-LiUPU _bspa _cPE-LiUPU _erda |
||
| 049 | _aPRUA | ||
| 082 | 0 | 4 |
_a342.066 _bM26 _221 |
| 100 | 1 |
_aMaraví Sumar, Milagros, _eautor. |
|
| 245 | 1 | 0 |
_aSobre la ley del procedimiento administrativo general : _blibro homenaje a José Bustamante Belaunde / _cMilalgros Maraví Sumar (comp.). |
| 264 | 1 |
_aLima : _bUniversidad Peruana de Ciencias Aplicadas, _c2009. |
|
| 300 |
_a571 páginas ; _c24 centímetros |
||
| 336 |
_atext _2rdacontent |
||
| 337 |
_aunmediated _2rdamedia |
||
| 338 |
_avolume _2rdacarrier |
||
| 505 | 0 | _aAnálisis del título preliminar -- Del régimen jurídico de los actos administrativos -- El procedimiento administrativo y las reglas de simplificación administrativo -- Apuntes sobre el iter del procedimiento administrativo en la Ley -- La revisión de los actos en vía administrativa -- Redescubriendo al procedimiento trilateral -- La potestad sancionadora y los principios del procedimiento sancionador -- El procedimiento administrativo sancionador -- De la responsabilidad de la administración pública y del personal a su servicio -- ¿Zanahoria o garrote: de qué depende? De los estilos de enforcemente de la regulación -- La desviación de poder como vicio del acto administrativo. | |
| 526 | _aP202 | ||
| 526 | _aP201 | ||
| 526 | _aP163 | ||
| 526 | _aP162 | ||
| 526 | _aP161 | ||
| 526 | _aP160 | ||
| 526 | _aP148 | ||
| 526 | _aP147 | ||
| 526 | _aP146 | ||
| 526 | _aP145 | ||
| 526 | _aP144 | ||
| 526 | _aP143 | ||
| 526 | _aP142 | ||
| 526 | _aP141 | ||
| 526 | _aP140 | ||
| 526 | _aP139 | ||
| 526 | _aP138 | ||
| 526 | _aP137 | ||
| 526 | _aP136 | ||
| 526 | _aP135 | ||
| 526 | _aP134 | ||
| 526 | _aP133 | ||
| 526 | _aP129 | ||
| 526 | _aP128 | ||
| 526 | _aP127 | ||
| 526 | _aP120 | ||
| 526 | _aP119 | ||
| 526 | _aP118 | ||
| 526 | _aP116 | ||
| 526 | _aP115 | ||
| 526 | _aP114 | ||
| 526 | _aP110 | ||
| 526 | _aP109 | ||
| 526 | _aP108 | ||
| 526 | _aP104 | ||
| 526 | _aP103 | ||
| 526 | _aP102 | ||
| 526 | _aP99 | ||
| 526 | _aP98 | ||
| 526 | _aP97 | ||
| 526 | _aP96 | ||
| 526 | _aP95 | ||
| 526 | _aP93 | ||
| 526 | _aP90 | ||
| 526 | _aP89 | ||
| 526 | _aP88 | ||
| 526 | _aP83 | ||
| 526 | _aP82 | ||
| 526 | _aP62 | ||
| 526 | _aP59 | ||
| 526 | _aP58 | ||
| 526 | _aP57 | ||
| 526 | _aP51 | ||
| 526 | _aP49 | ||
| 526 | _aP48 | ||
| 526 | _aP47 | ||
| 526 | _aP29 | ||
| 526 | _aP24 | ||
| 526 | _aP20 | ||
| 526 | _aP19 | ||
| 526 | _aP17 | ||
| 526 | _aP15 | ||
| 526 | _aP14 | ||
| 526 | _aP12 | ||
| 526 | _aP10 | ||
| 526 | _aP09 | ||
| 526 | _aP08 | ||
| 526 | _aP07 | ||
| 526 | _aP06 | ||
| 526 | _aP05 | ||
| 526 | _aP04 | ||
| 526 | _aP01 | ||
| 541 | _g045-0002131; | ||
| 650 | 0 | 0 |
_aDerecho administrativo _xLegislación _zPerú _92646 |
| 650 | 0 | 0 |
_aDerecho administrativo _zPerú. _93491 |
| 650 | 0 | 4 |
_aProcedimiento administrativo. _92687 |
| 910 |
_agl _cng _d20090821 |
||
| 942 |
_2ddc _cBOOK |
||
| 949 |
_a342.066 M26 _wDEWEY _c1 _i60060 _lCCODEBUL1 _mBUL _p31.00 _r0 _sY _tBOOK _u2015-7-6 _xFCE _PP04 _0COMPRA _o.STAFF. Colección General |
||
| 994 |
_aC0 _bPEPRU |
||
| 596 | _a1 | ||
| 999 |
_a342.066 M26 _wDEWEY _c49566 _i60060 _f2021-11-5 _g6 _lCCODEBUL1 _mBUL _p31.00 _r0 _sY _tBOOK _u2015-7-6 _xFCE _PP04 _0COMPRA _o.STAFF. Colección General _d49566 |
||
| 980 |
_818226 _gJaime Vilcazán Jefe de Análisis Documental |
||